000 nam a22 7a 4500
999 _c329598
_d329598
003 NUST
005 20170515162925.0
008 170515b xxu||||| |||| 00| 0 eng d
040 _cDLC
082 _a624.1834 RAM
100 _aRamchandra,Dr
_9755
245 _aLimit State Design of Concrete Structures /
260 _a India :
_bScientific Publisher,
300 _a1072p.
942 _2ddc
_cBK